00613nam a22002057a 4500003000400000005001700004008004100021020001800062040001000080082002200090100003500112245008200147250001200229260004000241300002900281500002100310650003700331700002000368700001900388OSt20150408114135.0130803s2012 stka f 001 0 eng d a9780723437048 aMa-Un00222a616.0756bMWC1 a Marshall, William J.,cph. D.10aClinical chemistry /cWilliam J. Marshall, Stephen K. Bangert, Marta lapsley. a7th ed. aEdinburgh :bMosby/Elsevier,c2012. a367 p. :bill ؛c24 cm. aicluding indexs. 0aClinical chemistryvCase studies1 a Bangert, S. K.1 aLapsley, Marta